Регионална библиотека "Любен Каравелов" - Русе

Oxford Advanced Learner's Dictionary of Current English (Запис номер 11520)

MARC детайли
000 -Лидер
Контролно поле с фиксирана дължина 01188nam a2200337 c 4500
003 - Код на организацията, давaща контролен номер
Контролно поле BLK
005 - Дата и час на последна редакция
Контролно поле 20220315100336.0
008 - Елементи от данни с фиксирана дължина
fixed length control field 180412b bul|||||r ||||||| ||bul||
010 ## - Наследен системен номер
LC control number KNG00013068000
040 ## - Източник на каталожния запис
Идентификатор на билиотеката - собственик на записа BLK
041 ## - Код за език
Код за езика на текст/звукозапис или на отделно заглавие Английски
Код за езика КДБФ Английски
080 ## - УДК
Текстов определител УДК Английски език
УДК код - определител по УДК 811.111
УДК определител (038.1)
УДК - код + определител 811.111(038.1)
100 1# - Редна дума - Автор
Автор Hornby, Albert Sidney
Авторска отговорност първи автор
R(LIN) 255655
139 ## - Редно поле
Редна дума Hornby, A. S. et al.
Авторски знак Hor - H 80
245 10 - Сведения за заглавието
Заглавие Oxford Advanced Learner's Dictionary of Current English
Редно поле (дума) Albert Sidney Hornby; съавт. A. P. Cowie; съавт. A. C. Gimson.
257 ## - Страна на издаване
Страна на създаване/издаване Великобритания
260 ## - Област на издателските данни
Име на издателя, разпространителя и проч. Oxford Univ. Press
-- Наука и изкуство
Година на издаване 1989
300 ## - Физическа характеристика
Страници 1046 с.
Илюстрации и др. с ил.
Размери/Мащаб 22 см
380 ## - Жанр
Жанр Езикознание. Филология
500 ## - Общи забележки
Забележка Авт. не са отбелязани на кор. - Без тир.
650 #4 - Допълнително описание по предмет – тема
Основно описание – тема или топоним Английски език - речници
9 (RLIN) 247661
653 ## - Ключова дума – ненормативна
Ключова дума английски език
653 ## - Ключова дума – ненормативна
Ключова дума речници
700 1# - Други автори (авторска отговорност)
Лично име Cowie, A. P.
Автороска отговорност (Описва отношението между автора и произведението) съавт.
9 (RLIN) 7707
700 1# - Други автори (авторска отговорност)
Лично име Gimson, A. C.
Автороска отговорност (Описва отношението между автора и произведението) съавт.
9 (RLIN) 11174
852 ## - Местоположение
Форматна сигнатура Цб 160651
856 4# - Електронен адрес и достъп
Електронен формат pdf - файл
Път до файла /url/
856 4# - Електронен адрес и достъп
Електронен формат pdf - файл
Път до файла /url/
999 ## - СИСТЕМНИ КОНТРОЛНИ НОМЕРА
Koha biblionumber 11520
Koha biblioitemnumber 11520
942 ## - АРТИКУЛИ
Вид на библиотечния материал Книги
Скрит в OPAC Не
Периодичен библиозапис Да
944 ## - СЪЗДАВАНЕ И РЕДАКЦИЯ на ЗАПИСА
Създаване/Редакция Създаване
Дата на регистрацията/редакция 19.05.2003
Служител, извършил регистрацията/редакцията AB_DOS
944 ## - СЪЗДАВАНЕ И РЕДАКЦИЯ на ЗАПИСА
Създаване/Редакция Редакция
Дата на регистрацията/редакция 19.05.2003
999 ## - СИСТЕМНИ КОНТРОЛНИ НОМЕРА
Koha biblioitemnumber 11520
999 ## - СИСТЕМНИ КОНТРОЛНИ НОМЕРА
Koha biblioitemnumber 11520
Наличности
Код за отписване Код за изгубен артикул Източник на класификационната схема Код за повреда Коз за рестрикции Код за отдаване Артикулен № Име на библиотеката - собственик Име на библиотеката, в която се намира в момента Статус (Текущо местоположение) Дата на вписване в системата Местоположение - отдел Цена в лева Инвентарен номер Систематично азбучна сигнатура Баркод Номер на екземпляра Цена в евро Служебна бележка Служебен тип на артикула
  Не е изгубен Universal Decimal Classification Не е повреден без рестрикции ползва се в читалня 19981 Регионална библиотека "Любен Каравелов" Русе Регионална библиотека "Любен Каравелов" Русе Хранилище 1989-01-01 Хранилище 20.33 526191 Цб 160651 120000526191 1 10.39 Дост: Dp Вид: Д N: стар фонд Дата: 01.01.1989 Книги
Изтеглен Не е изгубен Universal Decimal Classification Не е повреден само за читалня ползва се в читалня 19982 Регионална библиотека "Любен Каравелов" Русе Регионална библиотека "Любен Каравелов" Русе СБИД 1989-01-01 СБИД 20.33 546514 С 811/H 80 А 120000546514 2 10.39 Дост: Pk Вид: Ф N: стар фонд Дата: 01.01.1989 Дата инв: 05.06.2017 Бележки инв: С2017 Книги
Vip Innovations Ltd, Rousse, Bulgaria 2025